बुद्ध की शिक्षा : (Record no. 27479)

MARC details
000 -LEADER
fixed length control field 01482nam a22002777a 4500
005 - DATE AND TIME OF LATEST TRANSACTION
control field 20090615162426.0
008 - FIXED-LENGTH DATA ELEMENTS--GENERAL INFORMATION
fixed length control field 090615t xxu||||| |||| 00| 0 hin d
010 ## - LCCN (DPL NO)
LC control number HIN-86933
020 ## - INTERNATIONAL STANDARD BOOK NUMBER
International Standard Book Number 9788187733713
Terms of availability 250.00
035 ## - SYSTEM CONTROL NUMBER
System control number HN-59279
037 ## - SOURCE OF ACQUISITION
Source of stock number/acquisition DBAD / PUB
040 ## - CATALOGING SOURCE
Original cataloging agency dpl
Language of cataloging hn
082 ## - DEWEY DECIMAL CLASSIFICATION NUMBER
Classification number 250
100 ## - MAIN ENTRY--PERSONAL NAME
Personal name धर्मपाल
245 ## - TITLE STATEMENT
Title बुद्ध की शिक्षा :
Statement of responsibility, etc धर्मपाल... [आदि]
Remainder of title ('व्हाट डिड दी बुद्धा टीच ' का अनुवाद ) /
246 ## - VARYING FORM OF TITLE
Title proper/short title Buddha kii Sikshaa
Remainder of title by Dharampal...[ et al]
260 ## - PUBLICATION, DISTRIBUTION, ETC. (IMPRINT)
Place of publication, distribution, etc दिल्ली
Name of publisher, distributor, etc गौतम बुक सेन्टर
Date of publication, distribution, etc 2008
270 ## - ADDRESS
Address 'चन्दन सदन' सी-263-ए, गली नं.-9, हरदेवपुरी, शाहदरा
City दिल्ली
Postal code 110093
Telephone number 22810380, 65822074
300 ## - PHYSICAL DESCRIPTION
Extent 136पृ.
Dimensions 22सेमी सजिल्द)
500 ## - GENERAL NOTE
General note (प्रथम संस्करण 1956)
650 ## - SUBJECT ADDED ENTRY--TOPICAL TERM
Topical term or geographic name as entry element बौद्ध घर्म
650 ## - SUBJECT ADDED ENTRY--TOPICAL TERM
Topical term or geographic name as entry element Buddhism
942 ## - ADDED ENTRY ELEMENTS (KOHA)
Source of classification or shelving scheme Dewey Decimal Classification
Item type Hindi Books
Call number suffix धर्मपा
Classification part 250
Holdings
Withdrawn status Lost status Source of classification or shelving scheme Damaged status Not for loan Home library Current library Date acquired Source of acquisition Cost, normal purchase price Total Checkouts Full call number Barcode Date last seen Copy number Cost, replacement price Koha item type
    Dewey Decimal Classification   Not For Loan D.B.Act.Division D.B.Act.Division 15/06/2009 DBAD / PUB 250.00   250 धर्मपा HN-59279 15/06/2009 1 250.00 Hindi Books
    Dewey Decimal Classification     Janak Puri Janak Puri 26/08/2009 DBAD / PUB / DUP 250.00 12 250 धर्मपा B-356791 27/06/2018 1 250.00 Hindi Books

© Delhi Public Library
Hit Counter
free hit counter